000 01488nam a2200325 4500
001 95
003 OSt
005 20250528074011.0
008 250124b |||||||e |||| 00| 1 eng d
020 _a978850112401
040 _bpor
041 _heng
_apor
082 _a922.22
_bC147m
100 1 _aCaldwell, Taylor,
_d1900-1985
_9206
240 _aDear and Glorious Physician
245 _aMédico de homens e de almas
_bA história de São Lucas /
_cCaldwell, Taylor ; Tradução de Aydano Arruda
250 _a58° edição
260 _aRio de Janeiro
_bRecord
_c2015
300 _a700 p.
520 _aA Bíblia apresenta São Lucas como o médico de coração generoso, bem instruído e autor de um dos evangelhos e do Livro de Atos. Lendas antigas o descrevem como uma pessoa fora do comum, a quem são atribuídos milagres e prodígios antes mesmo de sua conversão ao cristianismo. Em 'Médico de Homens e Almas', Taylor Caldwell combina estas duas imagens de São Lucas, caracterizado pela constante preocupação com o sofrimento de enfermos, oprimidos e pobres. A autora pesquisou a vida e as obras de Lucas, e as descreve de forma romanceada num livro de detalhes históricos.
650 0 _aLiteratura Americana
_984
650 0 _aReligião
_9100
650 0 _aHistórico
_953
650 0 _aCatolocismo
_9115
650 0 _aExperiência de vida
_9188
655 0 _aRomance
_923
655 0 _aFicção
_922
700 _aAydano Arruda
_eTradutor
_9211
942 _2ddc
_n0
_cBK
999 _c95
_d95